书目信息 |
| 题名: |
蒋维乔 杨大膺宋明理学纲要
|
|
| 作者: | 蒋维乔 , 杨大膺 , 吕思勉 著 | |
| 分册: | ||
| 出版信息: | 长春 吉林人民出版社 2012.12 |
|
| 页数: | 353页 | |
| 开本: | 24cm | |
| 丛书名: | 中国学术文化名著文库 | |
| 单 册: | ||
| 中图分类: | B244.05 | |
| 科图分类: | ||
| 主题词: | 理学--Li Xue--研究 , 研究--Yan Jiu | |
| 电子资源: | ||
| ISBN: | 978-7-206-08315-0 | |
| 000 | 01095nam0 22002891 450 | |
| 001 | 350508 | |
| 005 | 20161011100046.25 | |
| 010 | @a978-7-206-08315-0@dCNY45.00 | |
| 100 | @a20140427d2012 em y0chiy50 ea | |
| 101 | 0 | @achi |
| 102 | @aCN@b220000 | |
| 105 | @ay z 000yy | |
| 106 | @ar | |
| 200 | 1 | @a蒋维乔 杨大膺宋明理学纲要@AJiang Wei Qiao Yang Da Ying Song Ming Li Xue Gang Yao@c吕思勉理学纲要@f蒋维乔,杨大膺,吕思勉著 |
| 210 | @a长春@c吉林人民出版社@d2012.12 | |
| 215 | @a353页@d24cm | |
| 225 | 2 | @a中国学术文化名著文库@AZhong Guo Xue Shu Wen Hua Ming Zhu Wen Ku |
| 330 | @a本书中蒋维乔和杨大膺的《宋明理学纲要》内容包括论道体、论为学、论存养、论政治四部分;吕思勉的《理学纲要》包括理学之原、理学源流派别、康节之学、晦庵之学、浙学、阳明之学、有时诸儒等。 | |
| 461 | 0 | @12001 @a中国学术文化名著文库 |
| 606 | 0 | @a理学@ALi Xue@x研究 |
| 606 | 0 | @a研究@AYan Jiu |
| 690 | @aB244.05@v5 | |
| 701 | 0 | @a蒋维乔@AJiang Wei Qiao@4著 |
| 701 | 0 | @a杨大膺@AYang Da Ying@4著 |
| 701 | 0 | @a吕思勉@ALv Si Mian@4著 |
| 801 | 0 | @aCN@bTANGWEI@c20160804 |
| 905 | @b0890385-9@dB244.05@e63@f5 | |
| 蒋维乔 杨大膺宋明理学纲要.吕思勉理学纲要/蒋维乔,杨大膺,吕思勉著.-长春:吉林人民出版社,2012.12 |
| 353页;24cm.-(中国学术文化名著文库) |
| ISBN 978-7-206-08315-0:CNY45.00 |
| 本书中蒋维乔和杨大膺的《宋明理学纲要》内容包括论道体、论为学、论存养、论政治四部分;吕思勉的《理学纲要》包括理学之原、理学源流派别、康节之学、晦庵之学、浙学、阳明之学、有时诸儒等。 |
| ● |
| 相关链接 |
|
|
|
|
正题名:蒋维乔 杨大膺宋明理学纲要
索取号:B244.05/63
 
预约/预借
| 序号 | 登录号 | 条形码 | 馆藏地/架位号 | 状态 | 备注 |
| 1 | 0890385 | 208903855 | 第一样本阅览室/ [索取号:B244.05/63] | 在馆 | |
| 2 | 0890386 | 208903864 | 第一借阅区/ [索取号:B244.05/63] | 在馆 | |
| 3 | 0890387 | 208903873 | 第一借阅区/ [索取号:B244.05/63] | 在馆 | |
| 4 | 0890388 | 208903882 | 第一借阅区/ [索取号:B244.05/63] | 在馆 | |
| 5 | 0890389 | 208903891 | 第一借阅区/ [索取号:B244.05/63] | 在馆 |